Statistics for Countries of the World in 1945 with a Map

Click here to take the quiz!

General Stats

  • This quiz has been taken 52,879 times
    (18,610 since last reset)
  • The average score is 67 of 74

Answers on the Map

Answers color-coded by a green-red scale on the quiz's map according to % correct below.
Loading ...
 

Answer Stats

Country% Correct
United States
99%
Canada
98%
Mexico
98%
Spain
98%
United Kingdom
98%
Soviet Union
98%
France
98%
China
98%
Japan
97%
Sweden
97%
Portugal
97%
Brazil
97%
Australia
97%
Italy
97%
Ireland
96%
Egypt
96%
Finland
96%
South Africa
96%
Denmark
96%
Mongolia
96%
Chile
96%
Argentina
96%
Norway
96%
Iceland
96%
Poland
95%
Iran
95%
Turkey
95%
Saudi Arabia
95%
Netherlands
94%
New Zealand
94%
Iraq
94%
Greece
94%
Indonesia
94%
Colombia
94%
Belgium
94%
Cuba
94%
Peru
94%
Switzerland
93%
Uruguay
93%
Bolivia
93%
Vietnam
93%
Panama
93%
Paraguay
93%
Venezuela
92%
Nepal
92%
Thailand
91%
Ecuador
91%
Romania
91%
Ethiopia
90%
Hungary
90%
Haiti
90%
Afghanistan
89%
Syria
89%
Dominican Republic
89%
Bulgaria
89%
Honduras
89%
Yugoslavia
88%
Costa Rica
88%
Albania
88%
Guatemala
87%
Nicaragua
87%
El Salvador
87%
Yemen
86%
Czechoslovakia
85%
Luxembourg
83%
Liberia
80%
Tibet
78%
Vatican City
77%
Andorra
77%
San Marino
76%
Liechtenstein
75%
Monaco
74%
Lebanon
74%
East Turkestan
21%

Score Distribution

Percentile by Number Answered

Percent of People with Each Score

Your Score History

You have not taken this quiz since the last reset